00436nam a2200145Ia 4500008004100000082001200041082000800053245003900061245003100100260003100131300000900162942000800171999001900179952009200198231017s9999 xx 000 0 und d a624.183 bCUR 0aDesign of Post-Tensioned Brickwork 4cThe Brick Dept Association bThe Brick Dept Association c30cm cREP c603871d603871 00104070aNITbNITd2023-10-17l0o624.183 CURpNIT-2877r2023-10-17w2023-10-17yREP